02054 2200457 4500001002100000005001500021035002000036007000300056008004100059020002200100040002200122082001800144084002000162090002400182090002200206100004000228245055600268250003000824300003900854650004400893700002900937700003600966700002701002700003401029700003701063700003101100700002701131700003001158700003001188700003501218700003001253850001201283504002501295264003601320336002101356337003001377338002301407999002201430110012201452990002201574INLIS00000000085230120191024081925 a0010-1019001028ta191024s2019 yoio g e ind d a978-623-209-683-7 aYOPDYOGbinderda04223a303.48402 a303.48402 SOL p aDEP 303.48402 SOL p aCB-D.11 2019-14053 aSolang, Christofer VisalePengarang1 aPeran MA/Ponpes dan perguruan tinggi dalam menangkal radikalisme /cUfik W. Ahmad, Panji S. Datunsolang, Fahmi Karim, Shahwan Syah Lausu, Ruby Alamsyah Mamonto, Yulia Songkaton, Rizky Madji, Rachmat Basuki, Yusriyah Yacob, Finda Morina Muhtar, Rahmad Pauweni, Andi Anugrah Surya Ardhy, Chofifah Indah Rabana, Misbahul Munir Makka, Erisa H.A. Sakinah, Vadlan Labulango, Miftahul F. Adudu, Miftah Aulia Mustamin, Rahmat Sepron Adam, Abd. Rahman A. Manangin, Siti Khairunisa Nurfadilah Makka, Christofer Visal Solang, Sriaryanti Humune Anisa Jihan Tumiwa aCetakan pertama, Mei 2019 aviii, 208 halaman :bfoto ;c23 cm 4aRadikal dan Radikalisme--xBunga Rampai0 aUfik W. AhmadePengarang0 aPanji S. DatunsolangePengarang0 aFahmi KarimePengarang0 aShahwan Syah LausuePengarang0 aRuby Alamsyah MamontoePengarang0 aYulia SongkatonePengarang0 aRizky MadjiePengarang0 aRachmat BasukiePengarang0 aYusriyah YacobePengarang0 aFinda Morina MuhtarePengarang0 aRahmad PauweniePengarang aYOPDYOG aTermasuk bibliografi31aYogyakarta :bDeepublish,c2019 2rdacontentateks 2rdamediaatanpa perantara 2rdacarrieravolume aCB-D.11/2019-14052 aInstitut Agama Islam Negeri (IAIN) ManadobLembaga Pers Mahasiswa (LPM) Suara Mahasiswa (SUAM)eBadan Penanggungjawab aCB-D.11/2019-1405